[Event "DEM U12/U12w 2006"]
[Site "Willingen GER"]
[Date "2006.06.09"]
[Round "9"]
[White "Alt, Elisabeth"]
[Black "Stoevesand, Eric"]
[Result "1/2-1/2"]
[Termination "normal"]
[Board "49"]
[WhiteElo "782"]
[BlackElo "1244"]
[PlyCount "31"]
[WhiteFideId "24692620"]
[BlackFideId "24651117"]
[EventCountry "GER"]
[EventRounds "11"]
[EventType "swiss"]
[EventDate "2006.06.03"]

1. e4 e5 2. Nf3 Nc6 3. Bc4 Bc5 4. Nc3 d6 5. d3 Nf6 6. Bg5 h6 7. Bxf6 Qxf6 8.
Nd5 Qd8 9. O-O Bg4 10. c3 a6 11. h3 Bh5 12. Qe2 Ne7 13. Rad1 O-O 14. d4 exd4
15. cxd4 Ba7 16. Qe3 1/2-1/2

[Event "DEM U12/U12w 2006"]
[Site "Willingen GER"]
[Date "2006.06.09"]
[Round "9"]
[White "Martens, Julian"]
[Black "Brühan, Caren"]
[Result "1-0"]
[Termination "normal"]
[Board "50"]
[WhiteElo "1067"]
[BlackElo "1054"]
[PlyCount "133"]
[WhiteFideId "24652890"]
[BlackFideId "24691976"]
[EventCountry "GER"]
[EventRounds "11"]
[EventType "swiss"]
[EventDate "2006.06.03"]

1. e4 e5 2. Nf3 Nc6 3. d4 exd4 4. Nxd4 Qe7 5. Nc3 Nxd4 6. Qxd4 Qd6 7. Qxd6 Bxd6
8. Bc4 Nf6 9. O-O Be5 10. Re1 O-O 11. Be3 Bxc3 12. bxc3 Nxe4 13. Bd4 Ng5 14.
Re3 d6 15. Rg3 h6 16. h4 Ne6 17. Bxe6 Bxe6 18. Rxg7+ Kh8 19. Rxf7+ Kg8 20. Rxc7
b6 21. a3 Bd5 22. Re1 Rf4 23. g3 Re4 24. Rxe4 Bxe4 25. Kf1 d5 26. Rd7 a5 27.
Bxb6 a4 28. Ke2 Rc8 29. Kd2 Rc6 30. Be3 Kf8 31. Ra7 Rc4 32. Bxh6+ Ke8 33. Be3
d4 34. Bxd4 Rc6 35. Rxa4 Rc7 36. h5 Rf7 37. Be3 Bf3 38. h6 Rh7 39. Ra5 Bg4 40.
Rg5 Bd7 41. Rg7 Rh8 42. h7 Be6 43. a4 Kf8 44. Rc7 Bf5 45. Bd4 Rxh7 46. Rxh7
Bxh7 47. a5 Bf5 48. a6 Be4 49. a7 Ke7 50. c4 Kd6 51. Kc3 Kc7 52. g4 Kb7 53. Be3
Ka8 54. g5 Bf5 55. Kd4 Bxc2 56. Kd5 Bd3 57. Ke5 Bxc4 58. g6 Bg8 59. Kf6 Kb7 60.
Kg7 Bd5 61. Kf8 Be6 62. g7 Bd5 63. f4 Be6 64. f5 Bxf5 65. g8=Q Bh7 66. Qxh7+
Ka8 67. Qe4# 1-0